000 00801nam a22002417a 4500
003 UA-OsUOA
001 21032
007 ta
008 20031111b un ||||| |||| 00| 0 ukr d
100 _aАнтончик А.
090 _a94(477)
_bА72
942 _cBK
040 _aUA-OsUOA
_bukr
_cUA-OsUOA
_dUA-OsUOA
245 _aКвіт пам'яті неопалимий
_bісторія створення пам'ятника Т. Г. Шевченкові в селі Бережниця Дубровицького району на Рівненщині
300 _a32 с.
955 _a2
041 _aukr
080 _a94(477)
260 _aРівне
_bАзалія
_c1996
044 _aUA
650 7 _a9 Географія. Біографії. Історія
_2UDC
999 _c307224
_d307224